[Event "ROM-ch U08 Girls"]
[Site "Calimanesti Caciulata"]
[Date "2019.04.22"]
[Round "9.9"]
[White "Blanaru, Natalia"]
[Black "Vitelar, Bianca Andreea"]
[Result "0-1"]
[WhiteElo "1001"]
[BlackElo "1001"]
[PlyCount "27"]
[EventDate "2019.04.15"]
[EventType "swiss"]
[EventRounds "9"]
[EventCountry "ROU"]
[SourceTitle "EXT 2024"]
[Source "ChessBase"]
[SourceDate "2023.10.10"]
[SourceVersion "1"]
[SourceVersionDate "2023.10.10"]
[SourceQuality "1"]

1. e4 e5 2. Nf3 Nc6 3. Bb5 a6 4. Bxc6 dxc6 5. Nxe5 Nf6 6. Nc3 Bd6 7. 0-0 0-0 8. b3 Be6 9. a3 Re8 10. Nf3 Qd7 11. Qe2 Bd5 12. exd5 Rxe2 13. Nxe2 Nxd5 14. c4 0-1